000 00637nam a2200181Ia 4500
008 100921s9999 xx 000 0 und d
082 _b27979
_a808.068 थ 95
100 _aबागेश्वर रामदास.
245 _aलाडी गोडी.
260 _bकलम प्रकाशन, पुणे.
_c1995
300 _a32
_bरसिक साहित्य,पुणे
365 _b12
520 _aललित-बालवाङ्रमय.
630 _aलाडी गोडी.
650 _aललित-बालवाङ्रमय.
730 _aलाडी गोडी.
942 _cBOOK
999 _c777092
_d777089